Loading...
| Fine Arts - Classical Music | 2 | 10.00 | 50% | 50% | 0% |
| Fine Arts - Visual | 2 | 10.00 | 100% | 0% | 0% |
| Geography/Current Events | 1 | 20.00 | 100% | 100% | 0% |
| History - American | 2 | 10.00 | 100% | 0% | 0% |
| History - European | 2 | 15.00 | 100% | 50% | 0% |
| History - Other | 2 | 10.00 | 100% | 0% | 0% |
| History - World | 3 | 6.67 | 33% | 33% | 0% |
| Literature - American | 1 | 10.00 | 100% | 0% | 0% |
| Literature - British | 1 | 20.00 | 100% | 100% | 0% |
| Literature - European | 1 | 0.00 | 0% | 0% | 0% |
| Literature - World/Other | 2 | 10.00 | 100% | 0% | 0% |
| Mythology | 2 | 5.00 | 50% | 0% | 0% |
| Philosophy | 3 | 6.67 | 67% | 0% | 0% |
| Pop Culture | 1 | 20.00 | 100% | 100% | 0% |
| Science - Biology | 3 | 10.00 | 100% | 0% | 0% |
| Science - Chemistry | 2 | 5.00 | 50% | 0% | 0% |
| Science - Other | 1 | 10.00 | 100% | 0% | 0% |
| Science - Physics | 2 | 10.00 | 100% | 0% | 0% |
| Social Science | 3 | 6.67 | 33% | 0% | 33% |